000 00443nam a22001577a 4500
008 140905b xxu||||| |||| 00| 0 eng d
020 _a0406934436
050 _aKD288.A64(2001 vol. 2)
245 _aThe All England law reports 2001 (vol. 2). /
_cedited by Craig, Rose
260 _aLondon:
_bButterworth,
_c2001.
300 _axx, 1024p.:
_c25cm.
440 _vVol. 2
500 _aIncludes index
700 _aRose, Craig
942 _2lcc
_cBK
999 _c4346
_d11846